Korea and Japan (Record no. 1112206)

MARC details
000 -LEADER
fixed length control field 01135nam a2200325Ia 4500
003 - CONTROL NUMBER IDENTIFIER
control field OSt
005 - DATE AND TIME OF LATEST TRANSACTION
control field 20221006160031.0
008 - FIXED-LENGTH DATA ELEMENTS--GENERAL INFORMATION
fixed length control field 221006b |||||||| |||| 00| 0 eng d
020 ## - INTERNATIONAL STANDARD BOOK NUMBER
International Standard Book Number 9788952107893
037 ## - SOURCE OF ACQUISITION
Terms of availability Textual
040 ## - CATALOGING SOURCE
Original cataloging agency EASL
Transcribing agency EASL
Language of cataloging eng
041 ## - LANGUAGE CODE
Source of code eng
Language code of text/sound track or separate title eng
100 ## - MAIN ENTRY--PERSONAL NAME
Personal name Choi Dai-Kwon Ed.
9 (RLIN) 671581
245 #0 - TITLE STATEMENT
Title Korea and Japan
Remainder of title Judicial system transformation in the globalizing world
260 ## - PUBLICATION, DISTRIBUTION, ETC.
Place of publication, distribution, etc. Seoul
Name of publisher, distributor, etc. Seoul National University (SNU) Press Korea
Date of publication, distribution, etc. 2007
300 ## - PHYSICAL DESCRIPTION
Extent 431p.
Dimensions cm.
490 ## - SERIES STATEMENT
Volume/sequential designation KEL
650 ## - SUBJECT ADDED ENTRY--TOPICAL TERM
Topical term or geographic name entry element KEL
650 ## - SUBJECT ADDED ENTRY--TOPICAL TERM
Topical term or geographic name entry element Korea - Judicial reform
9 (RLIN) 671582
650 ## - SUBJECT ADDED ENTRY--TOPICAL TERM
Topical term or geographic name entry element Korea - Legal profession and career patterns of Lawyers
9 (RLIN) 671583
650 ## - SUBJECT ADDED ENTRY--TOPICAL TERM
Topical term or geographic name entry element Korea - Response to corporate legal needs
9 (RLIN) 671584
650 ## - SUBJECT ADDED ENTRY--TOPICAL TERM
Topical term or geographic name entry element Korea - Management of growing civil Lawsuits
9 (RLIN) 671585
700 ## - ADDED ENTRY--PERSONAL NAME
Personal name Rokumoto Kahei Ed.
9 (RLIN) 671586
942 ## - ADDED ENTRY ELEMENTS (KOHA)
Classification part Z420t495, P7
Koha item type Textual
Source of classification or shelving scheme Colon Classification (CC)
Holdings
Withdrawn status Lost status Source of classification or shelving scheme Damaged status Not for loan Home library Current library Date acquired Source of acquisition Serial Enumeration / chronology Total Checkouts Full call number Barcode Date last seen Price effective from Koha item type
    Colon Classification (CC)     Department of East Asian Studies Library Department of East Asian Studies Library 2022-10-06 Gift, KCC (Window on Korea) KEL   Z420t495 P7 EA1396884 2022-10-06 2022-10-06 Textual
Copyright @ Delhi University Library System